| 000 | 00615nam a2200217 a 4500 | ||
|---|---|---|---|
| 005 | 20210223123840.0 | ||
| 008 | 991125n 000 0 u | ||
| 035 | _aUPN01000073134 | ||
| 100 | _aMosenthal, Peter B. | ||
| 222 | _aJOURNAL OF READING | ||
| 245 | _aDocument strategies. Types of document knowledge : from structures to strategies | ||
| 300 | _a64-67 | ||
| 362 | _a36, No. 1, 1992 | ||
| 505 | _aDiciembre 1992 | ||
| 653 | 0 | _aDOCUMENTOS | |
| 653 | 0 | _aESTRATEGIAS DE LECTURA | |
| 653 | 0 | _aPROCESOS DE LECTURA | |
| 700 | 1 |
_aKirsch, Irwin S. _941192 |
|
| 904 |
_aAC _b010945 |
||
| 905 | _aArticulo | ||
| 999 |
_c66242 _d66242 |
||